000 00542nam a2200181Ia 4500
008 100920s9999 xx 000 0 und d
082 _b46904
_a891.464 थ 82
100 _aदेशमुख उषा माधव.
245 _aदीपमाळ.
260 _bज्ञानेश प्रकाशन, नागपूर.
_c1982
300 _a112
_bसाधी
365 _b20
520 _aनिबंध.
630 _aदीपमाळ.
650 _aनिबंध.
730 _aदीपमाळ.
942 _cBOOK
999 _c694515
_d694512